| 000 | 01378nam a22002897a 4500 | ||
|---|---|---|---|
| 999 |
_c23570 _d23570 |
||
| 003 | AR-CdUCM | ||
| 008 | 260331b2023 pe ||||| |||| 00| 0 esp d | ||
| 020 | _a978-612-00-9222-4 | ||
| 040 |
_aMUNICIPALIDAD PROVINCIAL DEL CUSCO _cBIBLIOTECA MUNICIPAL DEL CUSCO |
||
| 041 | _hspa | ||
| 082 |
_a613.2 / _bV75 |
||
| 100 |
_aVizcarra Gambarte, Jorge Pablo _952446 |
||
| 245 |
_aObesidad : _bEnsayo / |
||
| 260 |
_aCusco - Perú : _bVizcarra Gambarte, Jorge Pablo, _c2023. |
||
| 300 |
_a141 páginas. : _c15 x 20 cm. |
||
| 500 | _zpáginas 133 - 140 | ||
| 505 | _aContenido: La obesidad como factor biológico, social y psíquico de morbi-mortalidad -- Culturización e inmigración ¿Hay diferencias entre obesos? -- Obesidad como factor de desigualdad social -- Un negocio paralelo -- La traición de la tradición...la Venus de Willendorf -- Como estigma y factor de discriminación -- La velocidad de la vida...la comida rápida -- Planeta hambriento, opulento -- El significado de ser -- Tan odiada, tan querida...la insulina -- Dime con quién andas, el colesterol.... | ||
| 650 |
_aObesidad _936519 |
||
| 650 |
_aTiroides _943392 |
||
| 650 |
_aSedentarismo _912198 |
||
| 650 |
_aDepresión _937049 |
||
| 650 |
_aEnvejecimiento _952447 |
||
| 650 |
_aPapel terapéutico _952448 |
||
| 650 |
_aEnfoque _952449 |
||
| 942 |
_2ddc _cLIBROS |
||
| 945 |
_ajmcs _d31/03/2026 |
||